Responses for Show #6195 - Friday, July 15, 2011

Mark Runsvold game 1.

Contestants

[<< previous game]

Aric Wu, an attorney and graduate student from Irvine, California

Mark Runsvold, a student and waiter from Moscow, Idaho

Kathleen Lee, a pharmaceutical scientist from Palo Alto, California (whose 1-day cash winnings total $29,601)

[next game >>]

Jeopardy! Round responses

THE LION
THE WITCH
THE WARDROBE
DISEMVOWELMENT
MILITARY RANKS
LIFESAVING AT BONDI BEACH
(Kelly: The Australian paradise that attracts surfers, swimmers, and the people who protect them.)
    $200 16
manes

Aric
    $200 9
the Addams family

Mark
    $200 17
Fauntleroy

Mark
    $200 1
a sequoia

Kathleen
    $200 5
private

Mark
    $200 26
overboard

Kathleen
    $400 18
India

Mark
    $400 12
Bewitched

Mark
    $400 22
(Kathleen: I forgot. Oh. What are net--)

fishnets

KathleenMark
    $400 2
an ultimatum

Mark
    $400 6
general

Mark
    $400 27
hyperthermia

Kathleen
    $3,800 19
savannah

Mark
    $600 13
Sabrina, the Teenage Witch

Kathleen
    $600 23
khakis

Mark
    $600 3
anemia

Mark
    $600 7
major

Mark
    $600 28
fibrillation

Kathleen
    $800 20
territory

Aric
    $800 14
H.R. Pufnstuf

Mark
    $800 24
a cardigan

Mark
    $800 4
a beau

Aric
    $800 8
captain

Kathleen
    $800 29
a tsunami

Mark
    $1000 21
the Serengeti

Kathleen
    $1000 15
Charmed

Kathleen
    $1000 25
Brooks Brothers

Mark
    $1000 10
oblivious

Mark
    $1000 11
corporal

Mark
    $1000 30
duckies

Mark

Scores at the first commercial break (after clue 15):

Kathleen Mark Aric
$2,600 $5,600 $800

Scores at the end of the Jeopardy! Round:

Kathleen Mark Aric
$4,400 $14,600 $1,800

Double Jeopardy! Round responses

THE BALKAN PENINSULA
FILM FIRST NAMES
EMPIRE FALLS
INDIAN GAMING
THE SUBJECT IS ROSES
BY THE "BOOK"
    $400 14
Turkey

Mark
    $400 13
Jason

Mark
    $400 1
the British Empire

Aric
    $400 6
hockey

Mark
    $400 25
Asia

Mark
    $400 8
a little black book

Mark
    $800 15
Bosnia-Herzegovina

Mark
    $800 19
Charles (Foster Kane)

Mark
    $800 2
the Roman Empire

Mark
    $800 7
(Kathleen: What is a shell?)

hand

Kathleen
Triple Stumper
    $800 26
thorns

Aric
    $800 9
book reviews

Kathleen
    $1200 16
Macedonia

Mark
    $7,000 20
Victor (Laszlo)

Mark
    $4,600 3
Napoleon

Mark
    $1200 23
(Alex: They play [*], yeah.)

football

Triple Stumper
    $1200 27
rust

Kathleen
    $1200 10
a bookmobile

Aric
    $1600 17
the Peloponnesian Peninsula

Kathleen
    $1600 21
Henry

Aric
    $1600 4
(Kathleen: Who is Attila the Hun?)

Genghis Khan

KathleenMark
    $1600 24
lacrosse

Aric
    $1600 28
tea roses

Kathleen
    $1600 11
bookworms

Kathleen
    $2000 18
the Danube

Kathleen
    $2000 22
George

Mark
    $2000 5
Austria-Hungary

Aric
    $2000 30
(Alex: They used them as [*].)

dice

Triple Stumper
    $2000 29
a hip

Mark
    $2000 12
the Book of Kells

Mark

Scores at the end of the Double Jeopardy! Round:

Kathleen Mark Aric
$10,800 $39,400 $9,400
(lock game)

[wagering suggestions for these scores]

Final Jeopardy! Round responses

TRADEMARKS
(Alex: The company is Owens-Corning, and they have a mascot which was an animated character in a series of very popular films.)
...
(Alex: [To Aric] The color is [*] for the [*] Panther insulation. Yes, indeed.)
...
(Alex: [To Kathleen] We're not accepting that. It's not bubblegum [*]--it's just ordinary [*]. Bubblegum is a little too strong, I feel.)
AricWhat is pink?
$599
KathleenWhat is bubblegum pink?
$7,801
MarkWhat is pink?
$8,600
pink

Final scores:

Kathleen Mark Aric
$2,999 $48,000 $9,999
3rd place: $1,000 New champion: $48,000 2nd place: $2,000

Game dynamics:

Coryat scores:

Kathleen Mark Aric
$10,800 $27,000 $9,400
14 R,
3 W
34 R
(including 3 DDs),
0 W
9 R,
0 W

Combined Coryat: $47,200

[game clues] [game scores] [suggest correction]

Game tape date: 2011-03-08
The J! Archive is created by fans, for fans. Scraping, republication, monetization, and malicious use prohibited; this site may use cookies and collect identifying information. See terms. The Jeopardy! game show and all elements thereof, including but not limited to copyright and trademark thereto, are the property of Jeopardy Productions, Inc. and are protected under law. This website is not affiliated with, sponsored by, or operated by Jeopardy Productions, Inc. Join the discussion at JBoard.tv.